All Manchester City Premier League Players Ever - Statistics

General Stats
  • This quiz has been taken 170 times
  • The average score is 309 of 679
Answer Stats
% Correct
2000/01 Norway Alf Inge Haaland 35
97%
2022/23 Norway Erling Haaland 35
97%
2017/18 Portugal Bernardo Silva 35
96%
2018/19 Portugal Bernardo Silva 36
96%
2019/20 Portugal Bernardo Silva 34
96%
2020/21 Portugal Bernardo Silva 26
96%
2021/22 Portugal Bernardo Silva 35
96%
2022/23 Portugal Bernardo Silva 34
96%
2010/11 Spain David Silva 35
96%
2011/12 Spain David Silva 36
96%
2012/13 Spain David Silva 32
96%
2013/14 Spain David Silva 27
96%
2014/15 Spain David Silva 32
96%
2015/16 Spain David Silva 24
96%
2016/17 Spain David Silva 34
96%
2017/18 Spain David Silva 29
96%
2018/19 Spain David Silva 33
96%
2019/20 Spain David Silva 27
96%
2015/16 Belgium Kevin De Bruyne 25
95%
2016/17 Belgium Kevin De Bruyne 36
95%
2017/18 Belgium Kevin De Bruyne 37
95%
2018/19 Belgium Kevin De Bruyne 19
95%
2019/20 Belgium Kevin De Bruyne 35
95%
2020/21 Belgium Kevin De Bruyne 25
95%
2021/22 Belgium Kevin De Bruyne 30
95%
2022/23 Belgium Kevin De Bruyne 32
95%
2011/12 Argentina Sergio Aguero 34
94%
2012/13 Argentina Sergio Aguero 30
94%
2013/14 Argentina Sergio Aguero 23
94%
2014/15 Argentina Sergio Aguero 33
94%
2015/16 Argentina Sergio Aguero 30
94%
2016/17 Argentina Sergio Aguero 31
94%
2017/18 Argentina Sergio Aguero 25
94%
2018/19 Argentina Sergio Aguero 33
94%
2019/20 Argentina Sergio Aguero 24
94%
2020/21 Argentina Sergio Aguero 12
94%
2008/09 Belgium Vincent Kompany 34
93%
2009/10 Belgium Vincent Kompany 25
93%
2010/11 Belgium Vincent Kompany 37
93%
2011/12 Belgium Vincent Kompany 31
93%
2012/13 Belgium Vincent Kompany 26
93%
2013/14 Belgium Vincent Kompany 28
93%
2014/15 Belgium Vincent Kompany 25
93%
2015/16 Belgium Vincent Kompany 14
93%
2016/17 Belgium Vincent Kompany 11
93%
2017/18 Belgium Vincent Kompany 17
93%
2018/19 Belgium Vincent Kompany 17
93%
2006/07 England Joe Hart 1
92%
2007/08 England Joe Hart 26
92%
2008/09 England Joe Hart 23
92%
2010/11 England Joe Hart 38
92%
2011/12 England Joe Hart 38
92%
2012/13 England Joe Hart 38
92%
2013/14 England Joe Hart 31
92%
2014/15 England Joe Hart 36
92%
2015/16 England Joe Hart 35
92%
2016/17 Germany Ilkay Gundogan 10
90%
2017/18 Germany Ilkay Gundogan 30
90%
2018/19 Germany Ilkay Gundogan 31
90%
2019/20 Germany Ilkay Gundogan 31
90%
2020/21 Germany Ilkay Gundogan 28
90%
2021/22 Germany Ilkay Gundogan 27
90%
2022/23 Germany Ilkay Gundogan 31
90%
2009/10 Cote D'Ivoire Kolo Toure 31
90%
2010/11 Cote D'Ivoire Kolo Toure 22
90%
2011/12 Cote D'Ivoire Kolo Toure 14
90%
2012/13 Cote D'Ivoire Kolo Toure 15
90%
2010/11 Cote D'Ivoire Yaya Toure 35
90%
2011/12 Cote D'Ivoire Yaya Toure 32
90%
2012/13 Cote D'Ivoire Yaya Toure 32
90%
2013/14 Cote D'Ivoire Yaya Toure 35
90%
2014/15 Cote D'Ivoire Yaya Toure 29
90%
2015/16 Cote D'Ivoire Yaya Toure 32
90%
2016/17 Cote D'Ivoire Yaya Toure 25
90%
2017/18 Cote D'Ivoire Yaya Toure 10
90%
2017/18 Brazil Ederson 36
89%
2018/19 Brazil Ederson 38
89%
2019/20 Brazil Ederson 35
89%
2020/21 Brazil Ederson 36
89%
2021/22 Brazil Ederson 37
89%
2022/23 Brazil Ederson 35
89%
2017/18 England Phil Foden 5
89%
2018/19 England Phil Foden 13
89%
2019/20 England Phil Foden 23
89%
2020/21 England Phil Foden 28
89%
2021/22 England Phil Foden 28
89%
2022/23 England Phil Foden 32
89%
2013/14 Brazil Fernandinho 33
88%
2014/15 Brazil Fernandinho 33
88%
2015/16 Brazil Fernandinho 33
88%
2016/17 Brazil Fernandinho 32
88%
2017/18 Brazil Fernandinho 34
88%
2018/19 Brazil Fernandinho 29
88%
2019/20 Brazil Fernandinho 30
88%
2020/21 Brazil Fernandinho 21
88%
2021/22 Brazil Fernandinho 19
88%
2018/19 Algeria Riyad Mahrez 27
88%
2019/20 Algeria Riyad Mahrez 33
88%
2020/21 Algeria Riyad Mahrez 27
88%
2021/22 Algeria Riyad Mahrez 28
88%
2022/23 Algeria Riyad Mahrez 30
88%
2019/20 Spain Rodri 35
88%
2020/21 Spain Rodri 34
88%
2021/22 Spain Rodri 33
88%
2022/23 Spain Rodri 36
88%
2010/11 Bosnia & Herzegovina Edin Dzeko 15
86%
2011/12 Bosnia & Herzegovina Edin Dzeko 30
86%
2012/13 Bosnia & Herzegovina Edin Dzeko 32
86%
2013/14 Bosnia & Herzegovina Edin Dzeko 31
86%
2014/15 Bosnia & Herzegovina Edin Dzeko 22
86%
2016/17 England John Stones 27
86%
2017/18 England John Stones 18
86%
2018/19 England John Stones 24
86%
2019/20 England John Stones 16
86%
2020/21 England John Stones 22
86%
2021/22 England John Stones 14
86%
2022/23 England John Stones 23
86%
2020/21 Portugal Ruben Dias 32
86%
2021/22 Portugal Ruben Dias 29
86%
2022/23 Portugal Ruben Dias 26
86%
2017/18 England Kyle Walker 32
85%
2018/19 England Kyle Walker 33
85%
2019/20 England Kyle Walker 29
85%
2020/21 England Kyle Walker 24
85%
2021/22 England Kyle Walker 20
85%
2022/23 England Kyle Walker 27
85%
2020/21 Netherlands Nathan Ake 10
85%
2021/22 Netherlands Nathan Ake 14
85%
2022/23 Netherlands Nathan Ake 26
85%
2016/17 Brazil Gabriel Jesus 10
83%
2017/18 Brazil Gabriel Jesus 29
83%
2018/19 Brazil Gabriel Jesus 29
83%
2019/20 Brazil Gabriel Jesus 34
83%
2020/21 Brazil Gabriel Jesus 29
83%
2021/22 Brazil Gabriel Jesus 28
83%
2008/09 Brazil Jo 9
83%
2010/11 Brazil Jo 12
83%
2019/20 Portugal Joao Cancelo 17
83%
2020/21 Portugal Joao Cancelo 28
83%
2021/22 Portugal Joao Cancelo 36
83%
2022/23 Portugal Joao Cancelo 17
83%
2022/23 Argentina Julian Alvarez 31
83%
2017/18 Spain Aymeric Laporte 9
82%
2018/19 Spain Aymeric Laporte 35
82%
2019/20 Spain Aymeric Laporte 15
82%
2020/21 Spain Aymeric Laporte 16
82%
2021/22 Spain Aymeric Laporte 33
82%
2022/23 Spain Aymeric Laporte 12
82%
2021/22 England Jack Grealish 26
82%
2022/23 England Jack Grealish 28
82%
2022/23 Switzerland Manuel Akanji 29
82%
2017/18 Ukraine Oleksandr Zinchenko 8
82%
2018/19 Ukraine Oleksandr Zinchenko 14
82%
2019/20 Ukraine Oleksandr Zinchenko 19
82%
2020/21 Ukraine Oleksandr Zinchenko 20
82%
2021/22 Ukraine Oleksandr Zinchenko 15
82%
2008/09 Argentina Pablo Zabaleta 29
80%
2009/10 Argentina Pablo Zabaleta 27
80%
2010/11 Argentina Pablo Zabaleta 26
80%
2011/12 Argentina Pablo Zabaleta 21
80%
2012/13 Argentina Pablo Zabaleta 30
80%
2013/14 Argentina Pablo Zabaleta 35
80%
2014/15 Argentina Pablo Zabaleta 29
80%
2015/16 Argentina Pablo Zabaleta 13
80%
2016/17 Argentina Pablo Zabaleta 20
80%
2015/16 England Raheem Sterling 31
80%
2016/17 England Raheem Sterling 33
80%
2017/18 England Raheem Sterling 33
80%
2018/19 England Raheem Sterling 34
80%
2019/20 England Raheem Sterling 33
80%
2020/21 England Raheem Sterling 31
80%
2021/22 England Raheem Sterling 30
80%
2009/10 Argentina Carlos Tevez 35
78%
2010/11 Argentina Carlos Tevez 31
78%
2011/12 Argentina Carlos Tevez 13
78%
2012/13 Argentina Carlos Tevez 34
78%
2016/17 Germany Leroy Sane 26
76%
2017/18 Germany Leroy Sane 32
76%
2018/19 Germany Leroy Sane 31
76%
2019/20 Germany Leroy Sane 1
76%
2010/11 Serbia Aleksandar Kolarov 24
75%
2011/12 Serbia Aleksandar Kolarov 12
75%
2012/13 Serbia Aleksandar Kolarov 20
75%
2013/14 Serbia Aleksandar Kolarov 30
75%
2014/15 Serbia Aleksandar Kolarov 21
75%
2015/16 Serbia Aleksandar Kolarov 29
75%
2016/17 Serbia Aleksandar Kolarov 29
75%
2004/05 England Bradley Wright-Phillips 14
75%
2005/06 England Bradley Wright-Phillips 18
75%
2015/16 Argentina Nicolas Otamendi 30
75%
2016/17 Argentina Nicolas Otamendi 30
75%
2017/18 Argentina Nicolas Otamendi 34
75%
2018/19 Argentina Nicolas Otamendi 18
75%
2019/20 Argentina Nicolas Otamendi 24
75%
2000/01 England Shaun Wright-Phillips 15
75%
2002/03 England Shaun Wright-Phillips 31
75%
2003/04 England Shaun Wright-Phillips 34
75%
2004/05 England Shaun Wright-Phillips 34
75%
2008/09 England Shaun Wright-Phillips 27
75%
2009/10 England Shaun Wright-Phillips 30
75%
2010/11 England Shaun Wright-Phillips 7
75%
2009/10 Togo Emmanuel Adebayor 26
73%
2010/11 Togo Emmanuel Adebayor 8
73%
2011/12 France Gael Clichy 28
72%
2012/13 France Gael Clichy 28
72%
2013/14 France Gael Clichy 20
72%
2014/15 France Gael Clichy 23
72%
2015/16 France Gael Clichy 14
72%
2016/17 France Gael Clichy 25
72%
2010/11 Italy Mario Balotelli 17
72%
2011/12 Italy Mario Balotelli 23
72%
2012/13 Italy Mario Balotelli 14
72%
2011/12 France Samir Nasri 30
72%
2012/13 France Samir Nasri 28
72%
2013/14 France Samir Nasri 34
72%
2014/15 France Samir Nasri 24
72%
2015/16 France Samir Nasri 12
72%
2016/17 France Samir Nasri 1
72%
2016/17 Chile Claudio Bravo 22
71%
2017/18 Chile Claudio Bravo 3
71%
2019/20 Chile Claudio Bravo 4
71%
2014/15 Brazil Fernando 25
70%
2015/16 Brazil Fernando 24
70%
2016/17 Brazil Fernando 15
70%
2010/11 England James Milner 32
70%
2011/12 England James Milner 26
70%
2012/13 England James Milner 26
70%
2013/14 England James Milner 31
70%
2014/15 England James Milner 32
70%
2022/23 England Kalvin Phillips 12
66%
2008/09 Brazil Robinho 31
66%
2009/10 Brazil Robinho 10
66%
2013/14 Spain Jesus Navas 30
65%
2014/15 Spain Jesus Navas 35
65%
2015/16 Spain Jesus Navas 34
65%
2016/17 Spain Jesus Navas 24
65%
2013/14 Argentina Martin Demichelis 27
65%
2014/15 Argentina Martin Demichelis 31
65%
2015/16 Argentina Martin Demichelis 20
65%
1995/96 England Martin Phillips 11
65%
2021/22 England Cole Palmer 4
64%
2022/23 England Cole Palmer 14
64%
2022/23 Germany Stefan Ortega 3
64%
2009/10 England Joleon Lescott 18
62%
2010/11 England Joleon Lescott 22
62%
2011/12 England Joleon Lescott 31
62%
2012/13 England Joleon Lescott 26
62%
2013/14 England Joleon Lescott 10
62%
2014/15 France Bacary Sagna 9
61%
2015/16 France Bacary Sagna 28
61%
2016/17 France Bacary Sagna 17
61%
2008/09 Netherlands Nigel de Jong 16
61%
2009/10 Netherlands Nigel de Jong 34
61%
2010/11 Netherlands Nigel de Jong 32
61%
2011/12 Netherlands Nigel de Jong 21
61%
2012/13 Netherlands Nigel de Jong 1
61%
2009/10 England Gareth Barry 34
60%
2010/11 England Gareth Barry 33
60%
2011/12 England Gareth Barry 34
60%
2012/13 England Gareth Barry 31
60%
2005/06 England Micah Richards 13
59%
2006/07 England Micah Richards 28
59%
2007/08 England Micah Richards 25
59%
2008/09 England Micah Richards 34
59%
2009/10 England Micah Richards 23
59%
2010/11 England Micah Richards 18
59%
2011/12 England Micah Richards 29
59%
2012/13 England Micah Richards 7
59%
2013/14 England Micah Richards 2
59%
2016/17 Spain Aleix Garcia 4
57%
2014/15 France Eliaquim Mangala 25
57%
2015/16 France Eliaquim Mangala 23
57%
2017/18 France Eliaquim Mangala 9
57%
2019/20 Spain Eric Garcia 13
57%
2020/21 Spain Eric Garcia 6
57%
2012/13 Spain Javi Garcia 24
57%
2013/14 Spain Javi Garcia 29
57%
2015/16 Spain Manu Garcia 1
57%
2017/18 France Benjamin Mendy 7
56%
2018/19 France Benjamin Mendy 10
56%
2019/20 France Benjamin Mendy 19
56%
2020/21 France Benjamin Mendy 13
56%
2021/22 France Benjamin Mendy 1
56%
2002/03 France Nicolas Anelka 38
55%
2003/04 France Nicolas Anelka 32
55%
2004/05 France Nicolas Anelka 19
55%
2009/10 England Adam Johnson 16
54%
2010/11 England Adam Johnson 31
54%
2011/12 England Adam Johnson 26
54%
2014/15 England Frank Lampard 32
54%
2006/07 England Michael Johnson 10
54%
2007/08 England Michael Johnson 23
54%
2008/09 England Michael Johnson 3
54%
2009/10 England Michael Johnson 1
54%
2022/23 England Rico Lewis 14
54%
2013/14 Spain Alvaro Negredo 32
53%
2020/21 Spain Ferran Torres 24
53%
2021/22 Spain Ferran Torres 4
53%
2013/14 Montenegro Stevan Jovetic 13
53%
2014/15 Montenegro Stevan Jovetic 17
53%
2015/16 England Fabian Delph 17
52%
2016/17 England Fabian Delph 7
52%
2017/18 England Fabian Delph 22
52%
2018/19 England Fabian Delph 11
52%
2008/09 Ireland Shay Given 15
52%
2009/10 Ireland Shay Given 35
52%
2020/21 United States Zack Steffen 1
52%
2021/22 United States Zack Steffen 1
52%
2007/08 Denmark Kasper Schmeichel 7
50%
2008/09 Denmark Kasper Schmeichel 1
50%
2000/01 Northern Ireland Tommy Wright 1
50%
2002/03 Denmark Peter Schmeichel 29
49%
2014/15 Argentina Willy Caballero 2
49%
2015/16 Argentina Willy Caballero 4
49%
2016/17 Argentina Willy Caballero 17
49%
2005/06 England Andrew Cole 22
48%
2005/06 Ireland Stephen Ireland 24
48%
2006/07 Ireland Stephen Ireland 24
48%
2007/08 Ireland Stephen Ireland 33
48%
2008/09 Ireland Stephen Ireland 35
48%
2009/10 Ireland Stephen Ireland 22
48%
2000/01 Ireland Richard Dunne 25
47%
2002/03 Ireland Richard Dunne 25
47%
2003/04 Ireland Richard Dunne 29
47%
2004/05 Ireland Richard Dunne 35
47%
2005/06 Ireland Richard Dunne 32
47%
2006/07 Ireland Richard Dunne 38
47%
2007/08 Ireland Richard Dunne 36
47%
2008/09 Ireland Richard Dunne 31
47%
2009/10 Ireland Richard Dunne 2
47%
2017/18 Spain Brahim Diaz 5
44%
2008/09 Wales Craig Bellamy 8
44%
2009/10 Wales Craig Bellamy 32
44%
2012/13 Serbia Matija Nastasic 21
44%
2013/14 Serbia Matija Nastasic 13
44%
2014/15 Cote D'Ivoire Wilfried Bony 10
44%
2015/16 Cote D'Ivoire Wilfried Bony 26
44%
2020/21 England Scott Carson 1
43%
2003/04 England David James 17
41%
2004/05 England David James 38
41%
2005/06 England David James 38
41%
2015/16 Nigeria Kelechi Iheanacho 26
40%
2016/17 Nigeria Kelechi Iheanacho 20
40%
2009/10 Paraguay Roque Santa Cruz 19
39%
2010/11 Paraguay Roque Santa Cruz 1
39%
2011/12 Montenegro Stefan Savic 11
39%
2016/17 Spain Nolito 19
38%
2022/23 Spain Sergio Gomez 12
38%
2007/08 Brazil Elano 34
37%
2008/09 Brazil Elano 28
37%
2010/11 Germany Jerome Boateng 16
37%
2002/03 England Robbie Fowler 13
37%
2003/04 England Robbie Fowler 31
37%
2004/05 England Robbie Fowler 32
37%
2005/06 England Robbie Fowler 4
37%
2017/18 Brazil Danilo 23
36%
2018/19 Brazil Danilo 11
36%
2009/10 France Patrick Vieira 13
35%
2010/11 France Patrick Vieira 15
35%
2006/07 Germany Dietmar Hamann 16
33%
2007/08 Germany Dietmar Hamann 29
33%
2008/09 Germany Dietmar Hamann 9
33%
2007/08 Bulgaria Martin Petrov 34
32%
2008/09 Bulgaria Martin Petrov 9
32%
2009/10 Bulgaria Martin Petrov 16
32%
2013/14 Romania Costel Pantilimon 7
30%
2006/07 England Daniel Sturridge 2
30%
2007/08 England Daniel Sturridge 3
30%
2008/09 England Daniel Sturridge 16
30%
2002/03 England Joey Barton 7
30%
2003/04 England Joey Barton 28
30%
2004/05 England Joey Barton 31
30%
2005/06 England Joey Barton 31
30%
2006/07 England Joey Barton 33
30%
2002/03 France Sylvain Distin 34
30%
2003/04 France Sylvain Distin 38
30%
2004/05 France Sylvain Distin 38
30%
2005/06 France Sylvain Distin 31
30%
2006/07 France Sylvain Distin 37
30%
2000/01 Liberia George Weah 7
28%
2005/06 Greece Georgios Samaras 14
28%
2006/07 Greece Georgios Samaras 36
28%
2007/08 Greece Georgios Samaras 5
28%
2011/12 England Owen Hargreaves 1
28%
2002/03 China Sun Jihai 28
26%
2003/04 China Sun Jihai 33
26%
2004/05 China Sun Jihai 6
26%
2005/06 China Sun Jihai 29
26%
2006/07 China Sun Jihai 13
26%
2007/08 China Sun Jihai 14
26%
2019/20 Spain Angelino 6
25%
2007/08 Switzerland Gelson Fernandes 26
25%
2008/09 Switzerland Gelson Fernandes 17
25%
2000/01 Costa Rica Paulo Wanchope 27
25%
2003/04 Costa Rica Paulo Wanchope 22
25%
2007/08 Croatia Vedran Corluka 35
25%
2008/09 Croatia Vedran Corluka 3
25%
2008/09 England Wayne Bridge 16
25%
2009/10 England Wayne Bridge 23
25%
2010/11 England Wayne Bridge 3
25%
2008/09 Wales Ched Evans 16
24%
2003/04 England David Seaman 19
24%
2000/01 Bermuda Shaun Goater 26
24%
2002/03 Bermuda Shaun Goater 26
24%
1995/96 Georgia Georgi Kinkladze 37
23%
2012/13 England Scott Sinclair 11
23%
2014/15 England Scott Sinclair 2
23%
2003/04 England Trevor Sinclair 29
23%
2004/05 England Trevor Sinclair 4
23%
2005/06 England Trevor Sinclair 31
23%
2006/07 England Trevor Sinclair 18
23%
2003/04 United States Claudio Reyna 23
22%
2004/05 United States Claudio Reyna 17
22%
2005/06 United States Claudio Reyna 22
22%
2006/07 United States Claudio Reyna 15
22%
1992/93 England David White 42
22%
1993/94 England David White 16
22%
2012/13 Brazil Maicon 9
22%
2006/07 England Michael Ball 12
22%
2007/08 England Michael Ball 28
22%
2008/09 England Michael Ball 8
22%
2000/01 Scotland Paul Dickov 21
22%
2006/07 Scotland Paul Dickov 16
22%
2003/04 England Steve McManaman 22
22%
2004/05 England Steve McManaman 13
22%
2007/08 Zimbabwe Benjani 13
21%
2008/09 Zimbabwe Benjani 8
21%
2009/10 Zimbabwe Benjani 2
21%
2005/06 England Darius Vassell 36
21%
2006/07 England Darius Vassell 32
21%
2007/08 England Darius Vassell 27
21%
2008/09 England Darius Vassell 8
21%
2002/03 Cameroon Marc Vivien Foe 35
21%
2007/08 Bulgaria Valeri Bojinov 3
21%
2008/09 Bulgaria Valeri Bojinov 8
21%
2003/04 Belgium Daniel Van Buyten 5
20%
2009/10 Belgium Dedryck Boyata 3
20%
2010/11 Belgium Dedryck Boyata 7
20%
2013/14 Belgium Dedryck Boyata 1
20%
2014/15 Belgium Dedryck Boyata 2
20%
2003/04 Germany Michael Tarnat 32
20%
1993/94 Germany Uwe Rosler 12
20%
1994/95 Germany Uwe Rosler 31
20%
1995/96 Germany Uwe Rosler 36
20%
2020/21 England Liam Delap 1
19%
2021/22 England Liam Delap 1
19%
2008/09 Israel Tal Ben Haim 9
19%
2002/03 Israel Eyal Berkovic 27
18%
2003/04 Israel Eyal Berkovic 4
18%
2007/08 Ecuador Felipe Caicedo 10
18%
2008/09 Ecuador Felipe Caicedo 17
18%
1995/96 England Michael Brown 21
18%
2000/01 England Nicky Weaver 31
18%
2004/05 England Nicky Weaver 1
18%
2006/07 England Nicky Weaver 25
18%
2006/07 United States DaMarcus Beasley 18
17%
2011/12 Chile David Pizarro 5
17%
2007/08 Brazil Geovanni 19
17%
2022/23 Argentina Maximo Perrone 1
17%
1992/93 Ireland Niall Quinn 39
17%
1993/94 Ireland Niall Quinn 15
17%
1994/95 Ireland Niall Quinn 35
17%
1995/96 Ireland Niall Quinn 32
17%
1993/94 England Paul Walsh 11
17%
1994/95 England Paul Walsh 39
17%
1995/96 England Paul Walsh 3
17%
2003/04 France Antoine Sibierski 33
16%
2004/05 France Antoine Sibierski 35
16%
2005/06 France Antoine Sibierski 24
16%
2004/05 Wales Ben Thatcher 18
16%
2005/06 Wales Ben Thatcher 18
16%
2006/07 Wales Ben Thatcher 11
16%
2000/01 Australia Danny Tiatto 33
16%
2002/03 Australia Danny Tiatto 13
16%
2003/04 Australia Danny Tiatto 5
16%
2012/13 England Jack Rodwell 11
16%
2013/14 England Jack Rodwell 5
16%
2021/22 England James McAtee 2
16%
1992/93 England Tony Coton 40
16%
1993/94 England Tony Coton 31
16%
1994/95 England Tony Coton 23
16%
2000/01 Russia Andrei Kanchelskis 10
15%
2004/05 England Danny Mills 32
15%
2005/06 England Danny Mills 18
15%
2006/07 England Danny Mills 1
15%
1992/93 Jamaica Fitzroy Simpson 29
15%
1993/94 Jamaica Fitzroy Simpson 15
15%
1994/95 Jamaica Fitzroy Simpson 16
15%
2002/03 Ireland Jonathan Macken 5
15%
2003/04 Ireland Jonathan Macken 15
15%
2004/05 Ireland Jonathan Macken 23
15%
2000/01 Northern Ireland Kevin Horlock 14
15%
2002/03 Northern Ireland Kevin Horlock 30
15%
2005/06 England Matt Mills 1
15%
2006/07 England Matt Mills 1
15%
2015/16 England Patrick Roberts 1
15%
2003/04 Netherlands Paul Bosvelt 25
15%
2004/05 Netherlands Paul Bosvelt 28
15%
1992/93 Ireland Terry Phelan 37
15%
1993/94 Ireland Terry Phelan 30
15%
1994/95 Ireland Terry Phelan 27
15%
1995/96 Ireland Terry Phelan 9
15%
2005/06 Spain Albert Riera 15
14%
2002/03 Algeria Ali Benarbia 33
14%
2000/01 England Darren Huckerby 13
14%
2002/03 England Darren Huckerby 16
14%
1992/93 England Keith Curle 39
14%
1993/94 England Keith Curle 29
14%
1994/95 England Keith Curle 31
14%
1995/96 England Keith Curle 32
14%
2004/05 England Nedum Onuoha 17
14%
2005/06 England Nedum Onuoha 10
14%
2006/07 England Nedum Onuoha 18
14%
2007/08 England Nedum Onuoha 16
14%
2008/09 England Nedum Onuoha 23
14%
2009/10 England Nedum Onuoha 10
14%
2011/12 England Nedum Onuoha 1
14%
1994/95 England Nicky Summerbee 41
14%
1995/96 England Nicky Summerbee 37
14%
2002/03 Denmark Niclas Jensen 33
14%
1992/93 England Peter Reid 20
14%
1993/94 England Peter Reid 4
14%
1993/94 England Richard Edghill 22
14%
1994/95 England Richard Edghill 14
14%
1995/96 England Richard Edghill 13
14%
2000/01 England Richard Edghill 6
14%
2000/01 England Steve Howey 36
14%
2002/03 England Steve Howey 24
14%
1993/94 Northern Ireland Steve Lomas 23
14%
1994/95 Northern Ireland Steve Lomas 20
14%
1995/96 Northern Ireland Steve Lomas 33
14%
2000/01 Scotland Andy Morrison 3
13%
1995/96 Germany Eike Immel 38
13%
2006/07 Belgium Emile Mpenza 10
13%
2007/08 Belgium Emile Mpenza 15
13%
2000/01 Northern Ireland Jeff Whitley 31
13%
2007/08 Italy Rolando Bianchi 19
13%
2002/03 England Stephen Jordan 1
13%
2003/04 England Stephen Jordan 2
13%
2004/05 England Stephen Jordan 19
13%
2005/06 England Stephen Jordan 18
13%
2006/07 England Stephen Jordan 13
13%
2006/07 Italy Bernardo Corradi 25
12%
1992/93 England Garry Flitcroft 32
12%
1993/94 England Garry Flitcroft 21
12%
1994/95 England Garry Flitcroft 37
12%
1995/96 England Garry Flitcroft 25
12%
2000/01 England Ian Bishop 10
12%
2004/05 Netherlands Kiki Musampa 14
12%
2005/06 Netherlands Kiki Musampa 27
12%
2006/07 Sweden Andreas Isaksson 14
11%
2007/08 Sweden Andreas Isaksson 5
11%
1992/93 England Andy Dibble 2
11%
1993/94 England Andy Dibble 11
11%
1994/95 England Andy Dibble 15
11%
1992/93 England David Brightwell 8
11%
1993/94 England David Brightwell 22
11%
1994/95 England David Brightwell 9
11%
2000/01 Netherlands Gerard Wiekens 34
11%
2002/03 Netherlands Gerard Wiekens 6
11%
2009/10 Faroe Islands Gunnar Nielsen 1
11%
2006/07 Tunisia Hatem Trabelsi 20
11%
1992/93 England Ian Brightwell 21
11%
1993/94 England Ian Brightwell 7
11%
1994/95 England Ian Brightwell 30
11%
1995/96 England Ian Brightwell 29
11%
2007/08 Spain Javier Garrido 27
11%
2008/09 Spain Javier Garrido 13
11%
2009/10 Spain Javier Garrido 9
11%
2000/01 France Laurent Charvet 20
11%
2000/01 Ireland Mark Kennedy 25
11%
2009/10 Hungary Marton Fulop 3
11%
1994/95 Germany Maurizio Gaudino 20
11%
1992/93 England Mike Sheron 38
11%
1993/94 England Mike Sheron 33
11%
1992/93 England Paul Lake 2
11%
2008/09 Slovakia Vladimir Weiss 1
11%
1992/93 England Andy Hill 24
10%
1993/94 England Andy Hill 17
10%
1994/95 England Andy Hill 13
10%
2000/01 England Carlo Nash 6
10%
2002/03 England Carlo Nash 9
10%
2005/06 England Ishmael Miller 1
10%
2006/07 England Ishmael Miller 16
10%
1993/94 England John Foster 1
10%
1994/95 England John Foster 11
10%
1995/96 England John Foster 4
10%
2021/22 Brazil Kayky 1
10%
2017/18 Germany Lukas Nmecha 2
10%
1992/93 Netherlands Michel Vonk 26
10%
1993/94 Netherlands Michel Vonk 35
10%
1994/95 Netherlands Michel Vonk 21
10%
2007/08 Mexico Nery Castillo 7
10%
1995/96 England Nigel Clough 15
10%
2003/04 Ireland Stephen Elliott 2
10%
1992/93 England Adie Mike 3
9%
1993/94 England Adie Mike 9
9%
1994/95 England Adie Mike 2
9%
1994/95 England John Burridge 4
9%
1995/96 Wales Kit Symons 38
9%
2004/05 England Lee Croft 7
9%
2005/06 England Lee Croft 21
9%
2002/03 Cameroon Lucien Mettomo 4
9%
1993/94 England Peter Beagrie 9
9%
1994/95 England Peter Beagrie 37
9%
1995/96 England Peter Beagrie 5
9%
2007/08 England Sam Williamson 1
9%
1992/93 England Steve McMahon 27
9%
1993/94 England Steve McMahon 35
9%
1994/95 England Steve McMahon 7
9%
2019/20 England Tommy Doyle 1
9%
2000/01 England Tony Grant 10
9%
1993/94 Ireland Alan Kernaghan 24
8%
1994/95 Ireland Alan Kernaghan 22
8%
1995/96 Ireland Alan Kernaghan 6
8%
2015/16 Kosovo Bersant Celina 1
8%
2002/03 France David Sommeil 14
8%
2003/04 France David Sommeil 18
8%
2004/05 France David Sommeil 1
8%
2005/06 France David Sommeil 16
8%
1995/96 Scotland Gerry Creaney 15
8%
1995/96 Germany Michael Frontzeck 12
8%
2006/07 France Ousmane Dabo 13
8%
2022/23 Northern Ireland Shea Charles 1
8%
2021/22 England CJ Egan-Riley 1
7%
2002/03 Algeria Djamel Belmadi 8
7%
2014/15 Spain Jose Angel Pozo 3
7%
2007/08 Nigeria Kelvin Etuhu 6
7%
2008/09 Nigeria Kelvin Etuhu 4
7%
1992/93 England Richard Holden 41
7%
1993/94 England Richard Holden 9
7%
1994/95 England Scott Thomas 2
7%
2009/10 Brazil Sylvinho 10
7%
2004/05 Ireland Willo Flood 9
7%
2005/06 Ireland Willo Flood 5
7%
2009/10 England Alex Nimely 1
6%
2002/03 England Chris Shuker 3
6%
2004/05 France Christian Negouai 1
6%
2000/01 Australia Daniel Allsopp 1
6%
2000/01 England Danny Granville 19
6%
1992/93 Scotland David Kerr 1
6%
1993/94 Scotland David Kerr 2
6%
1994/95 Scotland David Kerr 2
6%
1995/96 Scotland David Kerr 1
6%
1993/94 England David Rocastle 21
6%
2000/01 Norway Egil Ostenstad 4
6%
2008/09 Brazil Glauber 1
6%
2009/10 Ireland Greg Cunningham 2
6%
2012/13 Netherlands Karim Rekik 1
6%
2000/01 England Lee Crooks 2
6%
1992/93 Wales Martyn Margetson 1
6%
1995/96 Georgia Mikhail Kavelashvili 4
6%
2002/03 Denmark Mikkel Bischoff 1
6%
2000/01 Scotland Paul Ritchie 12
6%
1992/93 England Ray Ranson 17
6%
2010/11 England Reece Wabara 1
6%
1994/95 England Simon Tracey 3
6%
2000/01 England Spencer Prior 21
6%
1993/94 Germany Steffen Karl 6
6%
2010/11 Cote D'Ivoire Abdul Razak 1
5%
2011/12 Cote D'Ivoire Abdul Razak 1
5%
2012/13 Cote D'Ivoire Abdul Razak 3
5%
1993/94 Netherlands Alfons Groenendijk 9
5%
1993/94 England Carl Shutt 6
5%
1992/93 Norway Kare Ingebrigtsen 7
5%
1993/94 Norway Kare Ingebrigtsen 8
5%
1995/96 England Rae Ingram 5
5%
1995/96 Denmark Ronnie Ekelund 4
5%
2009/10 Norway Abdisalam Ibrahim 1
4%
1993/94 Wales Carl Griffiths 16
4%
1994/95 Wales Carl Griffiths 2
4%
2003/04 Denmark Kevin Stuhr-Ellegaard 4
4%
1992/93 England Mike Quigley 5
4%
1993/94 England Mike Quigley 2
4%
2010/11 Northern Ireland Ryan McGivern 1
4%
2000/01 Canada Terry Dunfield 1
4%
1995/96 Switzerland Giuseppe Mazzarelli 2
3%
1995/96 England Scott Hiley 6
3%
2008/09 England Shaleum Logan 1
2%
No matching quizzes found
Score Distribution
Percent of People with Each Score
Percentile by Number Answered
Your Score History
You have not taken this quiz